[Event "DEN-ch sf6"]
[Site "Svendborg"]
[Date "2024.03.29"]
[Round "1"]
[White "Bekmukhanov, Sauran"]
[Black "Lavrsen, Frands Winther"]
[Result "1/2-1/2"]
[WhiteElo "1862"]
[BlackElo "1817"]
[PlyCount "120"]
[EventDate "2024.03.29"]
[EventType "swiss"]
[EventRounds "7"]
[EventCountry "DEN"]
[SourceTitle "CBM 219 Extra"]
[Source "ChessBase"]
[SourceDate "2024.05.31"]
[SourceVersion "1"]
[SourceVersionDate "2024.05.31"]
[SourceQuality "1"]

1. e4 c5 2. Nf3 Nc6 3. d4 cxd4 4. Nxd4 e5 5. Nf5 d6 6. Nc3 Bxf5 7. exf5 Nf6 8. Bc4 Be7 9. 0-0 0-0 10. f4 Rc8 11. a3 a6 12. Be3 b5 13. Ba2 Qc7 14. Qf3 Nd4 15. Bxd4 exd4 16. Nd5 Nxd5 17. Qxd5 Bf6 18. Kh1 Qb6 19. Rae1 Qc6 20. Re2 Qxd5 21. Bxd5 Rc5 22. Bb3 Rxf5 23. g4 Rc5 24. g5 Bd8 25. Re4 Rf5 26. Rxd4 Bxg5 27. Kg2 Bf6 28. Rxd6 Bxb2 29. Rxa6 Re8 30. Re1 Kf8 31. Rxe8+ Kxe8 32. Kg3 Bc1 33. Ra8+ Ke7 34. Ra7+ Ke8 35. Rb7 Bxf4+ 36. Kg4 g6 37. Rxb5 Rxb5 38. Ba4 Bxh2 39. Bxb5+ Ke7 40. Kg5 h5 41. Bc4 Bg1 42. a4 Be3+ 43. Kh4 f5 44. a5 Kf6 45. Be2 Ke5 46. Kg3 Kd4 47. c4 Ke4 48. a6 f4+ 49. Kg2 Bc5 50. Bd1 Ke3 51. Bf3 Kd3 52. Bd5 g5 53. Kf3 Be3 54. Be4+ Kxc4 55. Bg6 g4+ 56. Ke4 g3 57. Kf3 h4 58. Bf5 Kc3 59. Bh3 Kd2 60. Bg2 Ke1 1/2-1/2

[Event "Hillerod-ch B"]
[Site "Hillerod"]
[Date "2022.05.15"]
[Round "1"]
[White "Lavrsen, Frands Winther"]
[Black "Nielsen, Simon Moller"]
[Result "0-1"]
[WhiteElo "1792"]
[BlackElo "1700"]
[PlyCount "80"]
[EventDate "2022.05.15"]
[EventType "tourn"]
[EventRounds "5"]
[EventCountry "DEN"]
[SourceTitle "EXT 2024"]
[Source "ChessBase"]
[SourceDate "2023.10.10"]
[SourceVersion "1"]
[SourceVersionDate "2023.10.10"]
[SourceQuality "1"]

1. d4 Nf6 2. Bf4 c5 3. dxc5 Qa5+ 4. Nc3 Qxc5 5. Qd2 d6 6. e4 Nc6 7. Nf3 Bd7 8. Be2 e5 9. Bg5 Be7 10. Bxf6 Bxf6 11. Nb5 Nd4 12. Nbxd4 exd4 13. Bd3 0-0 14. 0-0 Rfe8 15. Rfe1 Bg4 16. Qf4 Bd7 17. Nd2 Be5 18. Qf3 Qb4 19. Qe2 d5 20. f3 Bc6 21. Rab1 f5 22. Qf2 Bf4 23. Nf1 fxe4 24. fxe4 dxe4 25. Qxf4 exd3 26. Rxe8+ Rxe8 27. cxd3 Re2 28. Ng3 Rxg2+ 29. Kf1 Rxh2 30. Qe5 Qf8+ 31. Nf5 Rh5 32. Qe6+ Kh8 33. Ke2 Rxf5 34. Re1 Rf2+ 35. Kd1 Bf3+ 36. Kc1 Qc5+ 37. Qc4 Qxc4+ 38. dxc4 Re2 39. Rf1 Re3 40. Kd2 Kg8 0-1

[Event "Hillerod-ch B"]
[Site "Hillerod"]
[Date "2022.05.15"]
[Round "4"]
[White "Lehmann, Oliver1"]
[Black "Lavrsen, Frands Winther"]
[Result "1-0"]
[WhiteElo "1770"]
[BlackElo "1792"]
[PlyCount "59"]
[EventDate "2022.05.15"]
[EventType "tourn"]
[EventRounds "5"]
[EventCountry "DEN"]
[SourceTitle "EXT 2024"]
[Source "ChessBase"]
[SourceDate "2023.10.10"]
[SourceVersion "1"]
[SourceVersionDate "2023.10.10"]
[SourceQuality "1"]

1. d4 d5 2. c4 Nc6 3. Nc3 e6 4. Nf3 Bb4 5. e3 Nf6 6. Bd3 dxc4 7. Bxc4 Nd5 8. Qc2 0-0 9. 0-0 Nxc3 10. bxc3 Bd6 11. Bd3 h6 12. Bd2 Bd7 13. Rab1 Rb8 14. c4 Re8 15. Rb2 Bf8 16. Rfb1 Bc8 17. Bc3 g5 18. d5 f5 19. dxc6 b6 20. Ne5 Bg7 21. Be2 Qe7 22. Bh5 Rd8 23. Ng6 Qf7 24. Bb4 Rd6 25. Rd1 Bxb2 26. Bxd6 cxd6 27. Qxb2 e5 28. Rxd6 Be6 29. Qxe5 Kh7 30. Qxe6 1-0

[Event "Hillerod Vinhuset Stoltz op"]
[Site "Hillerod"]
[Date "2019.10.01"]
[Round "4"]
[White "Ramkilde, Mikael"]
[Black "Lavrsen, Frands Winther"]
[Result "1-0"]
[WhiteElo "1925"]
[BlackElo "1848"]
[PlyCount "53"]
[EventDate "2019.09.24"]
[EventType "swiss"]
[EventRounds "7"]
[EventCountry "DEN"]
[SourceTitle "EXT 2021"]
[Source "ChessBase"]
[SourceDate "2020.10.23"]
[SourceVersion "1"]
[SourceVersionDate "2020.10.23"]
[SourceQuality "1"]

1. e4 Nc6 2. Nf3 Nf6 3. e5 Ng4 4. d4 d6 5. h3 Nh6 6. Bd3 Nb4 7. Bc4 Bf5 8. Bb3 a5 9. a3 a4 10. Bxf7+ Nxf7 11. axb4 e6 12. Bd2 dxe5 13. dxe5 c5 14. bxc5 Bxc5 15. Nc3 Qb6 16. 0-0 Qxb2 17. Nxa4 Qb5 18. Nxc5 Rxa1 19. Qxa1 Qxc5 20. Rb1 Be4 21. Bb4 Qc7 22. Rd1 h6 23. Qa8+ Nd8 24. Ba5 b6 25. Qxe4 bxa5 26. Qa4+ Qc6 27. Rxd8+ 1-0

[Event "Hillerod CC-ch Mester"]
[Site "Hillerod"]
[Date "2019.02.19"]
[Round "4"]
[White "Ramkilde, Mikael"]
[Black "Lavrsen, Frands Winther"]
[Result "1-0"]
[WhiteElo "1953"]
[BlackElo "1779"]
[PlyCount "47"]
[EventDate "2019.01.08"]
[EventType "tourn"]
[EventRounds "7"]
[EventCountry "DEN"]
[SourceTitle "EXT 2021"]
[Source "ChessBase"]
[SourceDate "2020.10.23"]
[SourceVersion "1"]
[SourceVersionDate "2020.10.23"]
[SourceQuality "1"]

1. e4 g6 2. d4 Bg7 3. Nc3 d6 4. Be3 Nf6 5. f3 Nc6 6. Qd2 0-0 7. 0-0-0 e5 8. d5 Ne7 9. g4 Ne8 10. h4 f5 11. gxf5 gxf5 12. Bh6 f4 13. Bxg7 Kxg7 14. h5 h6 15. Bh3 Nf6 16. Be6 Nh7 17. Nh3 Bxe6 18. dxe6 Rf6 19. Rdg1+ Kh8 20. Nd5 Rxe6 21. Qg2 Ng6 22. hxg6 Nf6 23. Ng5 Re8 24. Nf7+ 1-0

[Event "Hillerod CC-ch Mester"]
[Site "Hillerod"]
[Date "2019.01.08"]
[Round "1"]
[White "Oland, Arne"]
[Black "Lavrsen, Frands Winther"]
[Result "0-1"]
[WhiteElo "1827"]
[BlackElo "1779"]
[PlyCount "52"]
[EventDate "2019.01.08"]
[EventType "tourn"]
[EventRounds "7"]
[EventCountry "DEN"]
[SourceTitle "EXT 2021"]
[Source "ChessBase"]
[SourceDate "2020.10.23"]
[SourceVersion "1"]
[SourceVersionDate "2020.10.23"]
[SourceQuality "1"]

1. d4 d5 2. Nf3 Nc6 3. c4 Bg4 4. cxd5 Qxd5 5. Nc3 Qh5 6. Bf4 Bxf3 7. gxf3 0-0-0 8. d5 e6 9. e4 Bb4 10. Bc4 Nf6 11. 0-0 Bxc3 12. bxc3 exd5 13. exd5 Nxd5 14. Bxd5 Rxd5 15. Qe2 Ne5 16. Kg2 Ng6 17. Bg3 Nh4+ 18. Bxh4 Qxh4 19. Rh1 Qg5+ 20. Kf1 Rd2 21. Qe4 Qc5 22. Qe1 Rhd8 23. Rg1 Qc4+ 24. Kg2 Re2 25. Qc1 Rdd2 26. Rf1 Qh4 0-1

[Event "Skjold Burne Hillerod op"]
[Site "Hillerod"]
[Date "2018.10.23"]
[Round "7"]
[White "Damm, Henrik"]
[Black "Lavrsen, Frands Winther"]
[Result "0-1"]
[WhiteElo "1583"]
[BlackElo "1753"]
[PlyCount "56"]
[EventDate "2018.09.25"]
[EventType "swiss"]
[EventRounds "7"]
[EventCountry "DEN"]
[SourceTitle "EXT 2020"]
[Source "ChessBase"]
[SourceDate "2019.10.17"]
[SourceVersion "1"]
[SourceVersionDate "2019.10.17"]
[SourceQuality "1"]

1. c4 Nc6 2. Nc3 e5 3. d3 Nf6 4. Nf3 Bb4 5. a3 Be7 6. g3 d5 7. cxd5 Nxd5 8. Bg2 Be6 9. 0-0 0-0 10. Qc2 f5 11. e3 Bf6 12. Ne2 Nce7 13. Rb1 a5 14. Nd2 c6 15. e4 Nc7 16. exf5 Bxf5 17. Ne4 Ne6 18. Be3 Nd5 19. Bd2 Nd4 20. Qd1 Bg4 21. Re1 Nf3+ 22. Bxf3 Bxf3 23. Qc1 Qd7 24. Nxf6+ Rxf6 25. Nf4 exf4 26. Re5 fxg3 27. fxg3 Qg4 28. Qe1 Qd4+ 0-1

[Event "Hillerod CC-chB"]
[Site "Hillerod"]
[Date "2018.02.06"]
[Round "3"]
[White "Lavrsen, Frands Winther"]
[Black "Nygaard, Soren"]
[Result "0-1"]
[WhiteElo "1722"]
[BlackElo "1741"]
[PlyCount "90"]
[EventDate "2018.01.02"]
[EventType "tourn"]
[EventRounds "7"]
[EventCountry "DEN"]
[SourceTitle "EXT 2020"]
[Source "ChessBase"]
[SourceDate "2019.10.17"]
[SourceVersion "1"]
[SourceVersionDate "2019.10.17"]
[SourceQuality "1"]

1. f4 c5 2. Nf3 Nc6 3. g3 Nf6 4. Bg2 g6 5. c3 Bg7 6. 0-0 0-0 7. d3 d6 8. e4 Bg4 9. h3 Bxf3 10. Qxf3 e5 11. Na3 a6 12. f5 b5 13. g4 Qb6 14. Be3 Qc7 15. g5 Nh5 16. f6 Bh8 17. h4 Rfe8 18. Bh3 Nf4 19. Bxf4 exf4 20. Qxf4 Ne5 21. Rad1 Rad8 22. Nc2 Qb6 23. Qf2 Qc6 24. Qe3 d5 25. Rf4 h5 26. b3 a5 27. Rd2 b4 28. cxb4 axb4 29. exd5 Qxd5 30. Re4 Nf3+ 31. Qxf3 Rxe4 32. Re2 Rxe2 33. Qxe2 Qxd3 34. Qxd3 Rxd3 35. Bf1 Rd2 36. Ne3 Rxa2 37. Bc4 Rd2 38. Ng2 Rd4 39. Kf2 Rxc4 40. Ke3 Rc3+ 41. Ke4 Rxb3 42. Kd5 Rc3 43. Nf4 b3 44. Ne2 Rc2 45. Nf4 b2 0-1

[Event "Hillerod-ch B"]
[Site "Hillerod"]
[Date "2017.05.09"]
[Round "2"]
[White "Nygaard, Soren"]
[Black "Lavrsen, Frands Winther"]
[Result "1-0"]
[WhiteElo "1751"]
[BlackElo "1772"]
[PlyCount "127"]
[EventDate "2017.05.02"]
[EventType "tourn"]
[EventRounds "7"]
[EventCountry "DEN"]
[SourceTitle "EXT 2023"]
[Source "ChessBase"]
[SourceDate "2022.10.05"]
[SourceVersion "1"]
[SourceVersionDate "2022.10.05"]
[SourceQuality "1"]

1. d4 d5 2. c4 Nc6 3. Nc3 Nf6 4. Nf3 Bf5 5. Bg5 Ne4 6. e3 Nxg5 7. Nxg5 e6 8. Nf3 Be7 9. Be2 0-0 10. 0-0 Bf6 11. cxd5 exd5 12. Rc1 Ne7 13. b4 c6 14. a4 Rc8 15. Qb3 Be6 16. Rfd1 Nf5 17. a5 Nd6 18. a6 b5 19. Bf1 Rb8 20. Ne2 Rb6 21. Nf4 Bc8 22. Nd3 Bxa6 23. Nc5 Bc8 24. Ra1 Qc7 25. Ra2 Bf5 26. Rda1 Ra8 27. h3 Ne4 28. Qb2 Nxc5 29. bxc5 Rb7 30. Qb4 Bd8 31. Ra6 Bc8 32. Ne5 Bd7 33. Be2 Be8 34. Qb1 f6 35. Nd3 Qe7 36. Nb4 Rc7 37. Bd3 g6 38. Qb3 f5 39. Bxb5 Rb8 40. Bd3 Rcb7 41. R1a4 Qc7 42. Qa3 Ra8 43. Bb1 Bf6 44. Ba2 Kh8 45. g3 g5 46. R4a5 f4 47. Nxd5 cxd5 48. Rxf6 fxg3 49. f3 Qe7 50. Raa6 Bd7 51. Kg2 Rab8 52. Bxd5 Rb2+ 53. Kxg3 Qe8 54. Rxa7 Bxh3 55. Rff7 Bf5 56. Rxf5 Qh5 57. Rf8+ Rxf8 58. Qxb2 g4 59. Qh2 Qg6 60. f4 h5 61. Qh1 Qe8 62. Be4 Rf6 63. Ra8 h4+ 64. Qxh4+ 1-0

[Event "Hillerod CC-chA"]
[Site "Hillerod"]
[Date "2017.03.07"]
[Round "7"]
[White "Kuhn, Morten"]
[Black "Lavrsen, Frands Winther"]
[Result "1-0"]
[WhiteElo "1890"]
[BlackElo "1804"]
[PlyCount "77"]
[EventDate "2016.11.29"]
[EventType "tourn"]
[EventRounds "9"]
[EventCountry "DEN"]
[SourceTitle "EXT 2018"]
[Source "ChessBase"]
[SourceDate "2017.10.13"]
[SourceVersion "1"]
[SourceVersionDate "2017.10.13"]
[SourceQuality "1"]

1. e4 Nc6 2. Nc3 Nf6 3. f4 d5 4. e5 d4 5. exf6 dxc3 6. fxg7 cxd2+ 7. Bxd2 Bxg7 8. c3 Qd5 9. Qf3 Be6 10. Be2 0-0-0 11. Qxd5 Bxd5 12. Nf3 e5 13. f5 e4 14. Ng5 h6 15. c4 hxg5 16. cxd5 Rxd5 17. 0-0-0 Nd4 18. Bg4 Nxf5 19. Rhf1 Kb8 20. Rxf5 Rd6 21. Rxf7 Be5 22. h3 Ra6 23. Re7 Bd6 24. Rxe4 Rxa2 25. Bxg5 b6 26. Bf3 Ra5 27. Bf6 Rf8 28. Rde1 Ra1+ 29. Kc2 Rxe1 30. Rxe1 a5 31. Bc3 a4 32. h4 a3 33. bxa3 Bxa3 34. h5 Kc8 35. Ra1 Bd6 36. h6 Rf7 37. Bc6 Kd8 38. Ra8+ Ke7 39. Re8# 1-0

[Event "Hillerod CC-chA"]
[Site "Hillerod"]
[Date "2017.02.21"]
[Round "6"]
[White "Lavrsen, Frands Winther"]
[Black "Ramkilde, Mikael"]
[Result "0-1"]
[WhiteElo "1804"]
[BlackElo "1979"]
[PlyCount "80"]
[EventDate "2016.11.29"]
[EventType "tourn"]
[EventRounds "9"]
[EventCountry "DEN"]
[SourceTitle "EXT 2018"]
[Source "ChessBase"]
[SourceDate "2017.10.13"]
[SourceVersion "1"]
[SourceVersionDate "2017.10.13"]
[SourceQuality "1"]

1. f4 d5 2. Nf3 Bg4 3. e3 e6 4. h3 Bxf3 5. Qxf3 c6 6. b3 f5 7. Bb2 Nf6 8. d3 Bb4+ 9. Nd2 Nbd7 10. c3 Bc5 11. e4 g6 12. g4 fxe4 13. dxe4 dxe4 14. Nxe4 Nxe4 15. Qxe4 Qh4+ 16. Kd1 0-0-0 17. Kc2 Qf2+ 18. Be2 Be3 19. Rae1 Nc5 20. Qf3 Qxf3 21. Bxf3 Bxf4 22. Re2 Rhe8 23. Rf1 g5 24. b4 Nd3 25. Ba1 Ne5 26. Bg2 Nc4 27. Rf3 Rd6 28. Re4 Rd2+ 29. Kb3 Nd6 30. Rexf4 gxf4 31. Bf1 e5 32. c4 Rh2 33. c5 Ne4 34. Rd3 Nd2+ 35. Ka3 Nxf1 36. Bc3 e4 37. Rd1 Ne3 38. Rg1 Rxh3 39. Kb2 f3 40. Bd4 f2 0-1

[Event "Hillerod Spar Nord op"]
[Site "Hillerod"]
[Date "2016.10.25"]
[Round "6"]
[White "Lavrsen, Frands Winther"]
[Black "Vej, Jesper"]
[Result "1-0"]
[WhiteElo "1812"]
[BlackElo "2128"]
[PlyCount "115"]
[EventDate "2016.09.13"]
[EventType "swiss"]
[EventRounds "7"]
[EventCountry "DEN"]
[SourceTitle "EXT 2024"]
[Source "ChessBase"]
[SourceDate "2023.10.10"]
[SourceVersion "1"]
[SourceVersionDate "2023.10.10"]
[SourceQuality "1"]

1. f4 g6 2. Nf3 Bg7 3. g3 d5 4. Bg2 Nf6 5. 0-0 0-0 6. d3 c5 7. c3 Nc6 8. Na3 Bg4 9. h3 Bxf3 10. Bxf3 Qd7 11. g4 h5 12. e4 hxg4 13. hxg4 Rad8 14. g5 dxe4 15. gxf6 exf3 16. fxg7 Qg4+ 17. Kf2 Kxg7 18. Qxf3 Qf5 19. Qe4 Qf6 20. Ke2 Rd6 21. Be3 Re6 22. Qg2 Nd4+ 23. Kd2 Nf5 24. Bxc5 b6 25. Bf2 Rd6 26. Nc4 Rd7 27. Ne5 Rdd8 28. Rae1 b5 29. Bc5 Rh8 30. Nc6 Rd7 31. Nxe7 Rhd8 32. Nxf5+ Qxf5 33. Bd4+ f6 34. Qe4 Qxe4 35. Rxe4 b4 36. Rfe1 bxc3+ 37. bxc3 Rf7 38. Re7 Rh8 39. Rxf7+ Kxf7 40. Re2 Rh4 41. Rf2 a6 42. Bb6 Ke6 43. c4 Rh3 44. Kc3 g5 45. fxg5 fxg5 46. Rg2 Kf5 47. c5 Rh1 48. d4 g4 49. Bc7 Rh7 50. Bd6 Rh3+ 51. Rg3 Rh2 52. a3 Ra2 53. c6 Ke6 54. Bc5 Rf2 55. Rxg4 Rf6 56. Re4+ Kf5 57. Kd3 Rf7 58. Re7 1-0

[Event "Hillerod Spar Nord op"]
[Site "Hillerod"]
[Date "2016.10.13"]
[Round "5"]
[White "Eliasen, Rune"]
[Black "Lavrsen, Frands Winther"]
[Result "0-1"]
[WhiteElo "1619"]
[BlackElo "1812"]
[PlyCount "94"]
[EventDate "2016.09.13"]
[EventType "swiss"]
[EventRounds "7"]
[EventCountry "DEN"]
[SourceTitle "EXT 2024"]
[Source "ChessBase"]
[SourceDate "2023.10.10"]
[SourceVersion "1"]
[SourceVersionDate "2023.10.10"]
[SourceQuality "1"]

1. e4 Nc6 2. Nf3 Nf6 3. Nc3 d6 4. d4 Bg4 5. Be2 e6 6. Be3 Be7 7. 0-0 0-0 8. Qd2 a6 9. a3 Rc8 10. b4 Nb8 11. Rfb1 Nbd7 12. a4 c6 13. b5 cxb5 14. axb5 a5 15. e5 dxe5 16. dxe5 Bb4 17. Rxb4 axb4 18. exf6 bxc3 19. Qd3 Nxf6 20. Qxd8 Rfxd8 21. h3 Bf5 22. Nd4 Bg6 23. f4 Nd5 24. Bc1 Nb4 25. Be3 Nxc2 26. Nxc2 Bxc2 27. Rc1 Bd3 28. Bf3 Bxb5 29. Bxb7 Rc4 30. Bf3 Ba4 31. Kf2 c2 32. Ke1 Rc3 33. Ke2 Rcd3 34. Be4 Rc3 35. Bd2 Rcc8 36. Ke1 Bc6 37. Bxc2 Bxg2 38. h4 f5 39. Kd1 Rc4 40. Ke2 Kf7 41. Be3 Be4 42. Bxe4 Rxe4 43. Rc7+ Kg6 44. Kf2 Rd3 45. Bc1 Rh3 46. Bb2 Rh2+ 47. Kg3 Rxb2 0-1

[Event "Hillerod Spar Nord op"]
[Site "Hillerod"]
[Date "2016.09.19"]
[Round "1"]
[White "Eldor, Finn"]
[Black "Lavrsen, Frands Winther"]
[Result "0-1"]
[WhiteElo "1328"]
[BlackElo "1812"]
[PlyCount "92"]
[EventDate "2016.09.13"]
[EventType "swiss"]
[EventRounds "7"]
[EventCountry "DEN"]
[SourceTitle "EXT 2024"]
[Source "ChessBase"]
[SourceDate "2023.10.10"]
[SourceVersion "1"]
[SourceVersionDate "2023.10.10"]
[SourceQuality "1"]

1. Nf3 d5 2. d4 Bg4 3. Bf4 Nf6 4. Nc3 c6 5. a3 Nbd7 6. e3 Ne4 7. Be2 Nxc3 8. bxc3 Qa5 9. Qd2 Nf6 10. 0-0 Ne4 11. Qd3 Nxc3 12. h3 Nxe2+ 13. Qxe2 Bh5 14. g4 Bg6 15. Ne5 f6 16. Nxg6 hxg6 17. Kg2 e6 18. f3 c5 19. c4 Rd8 20. Qc2 Kf7 21. Bg3 Be7 22. f4 f5 23. g5 dxc4 24. Qxc4 cxd4 25. exd4 Qd2+ 26. Rf2 Qxd4 27. Qxd4 Rxd4 28. Rc2 Rhd8 29. Bf2 Rd2 30. Rxd2 Rxd2 31. Kf1 b6 32. a4 Bc5 33. Bxc5 bxc5 34. Rc1 Rd4 35. Kg2 Rxf4 36. Rxc5 Rxa4 37. Rc7+ Kg8 38. Rc8+ Kh7 39. Re8 a5 40. Rxe6 Ra1 41. h4 a4 42. Kf3 a3 43. Ra6 Kg8 44. Kf4 a2 45. Rxg6 Rf1+ 46. Ke5 a1Q+ 0-1

[Event "Helsingor Xtracon op"]
[Site "Helsingor"]
[Date "2016.07.29"]
[Round "8"]
[White "Kristensen, Thomas Overgaard"]
[Black "Lavrsen, Frands Winther"]
[Result "0-1"]
[WhiteElo "1568"]
[BlackElo "1851"]
[PlyCount "58"]
[EventDate "2016.07.23"]
[EventType "swiss"]
[EventRounds "10"]
[EventCountry "DEN"]
[SourceTitle "CBM 173 Extra"]
[Source "ChessBase"]
[SourceDate "2016.08.29"]
[SourceVersion "1"]
[SourceVersionDate "2016.08.29"]
[SourceQuality "1"]

1. d4 d5 2. c4 Nc6 3. Nf3 Nf6 4. Nc3 Bf5 5. Bg5 e6 6. cxd5 exd5 7. Bxf6 gxf6 8. e3 Rg8 9. Nh4 Be6 10. Be2 f5 11. g3 Qf6 12. Nf3 0-0-0 13. 0-0 f4 14. exf4 Qxf4 15. Nb5 Be7 16. Rc1 a6 17. Nc3 h5 18. Qa4 Nb8 19. Ne5 h4 20. Nb5 axb5 21. Qa5 Bd6 22. Rc3 hxg3 23. hxg3 Qxd4 24. Rfc1 Qxe5 25. Bxb5 Bd7 26. Re3 Qd4 27. Re7 Rxg3+ 28. Kf1 Bxb5+ 29. Ke1 Rg1# 0-1

[Event "Helsingor Xtracon op"]
[Site "Helsingor"]
[Date "2016.07.28"]
[Round "7"]
[White "Lavrsen, Frands Winther"]
[Black "Van den Brink, Nienke"]
[Result "0-1"]
[WhiteElo "1851"]
[BlackElo "1612"]
[PlyCount "44"]
[EventDate "2016.07.23"]
[EventType "swiss"]
[EventRounds "10"]
[EventCountry "DEN"]
[SourceTitle "CBM 173 Extra"]
[Source "ChessBase"]
[SourceDate "2016.08.29"]
[SourceVersion "1"]
[SourceVersionDate "2016.08.29"]
[SourceQuality "1"]

1. e4 c5 2. Bc4 e6 3. a3 g6 4. Nc3 Bg7 5. Nf3 Nc6 6. 0-0 Nge7 7. d3 0-0 8. Be3 d5 9. exd5 exd5 10. Nxd5 Nxd5 11. Bxc5 Re8 12. Qc1 Bg4 13. Nd2 Nf4 14. Qb1 Be2 15. Re1 Qg5 16. g3 Nh3+ 17. Kg2 Qxc5 18. Kxh3 Qxf2 19. Ne4 Rxe4 20. Bxf7+ Qxf7 21. dxe4 Qe6+ 22. Kg2 Qxe4+ 0-1

[Event "Hillerod Byturnering B"]
[Site "Hillerod"]
[Date "2016.05.31"]
[Round "5"]
[White "Lavrsen, Frands Winther"]
[Black "Sorensen, Viggo"]
[Result "1-0"]
[WhiteElo "1817"]
[BlackElo "1717"]
[PlyCount "103"]
[EventDate "2016.04.26"]
[EventType "tourn"]
[EventRounds "7"]
[EventCountry "DEN"]
[SourceTitle "EXT 2024"]
[Source "ChessBase"]
[SourceDate "2023.10.10"]
[SourceVersion "1"]
[SourceVersionDate "2023.10.10"]
[SourceQuality "1"]

1. Nf3 f5 2. d3 Nf6 3. Nc3 g6 4. e4 fxe4 5. dxe4 d6 6. Bc4 Nc6 7. Ng5 Ne5 8. Bb3 h6 9. f4 Bg4 10. Qd2 hxg5 11. fxe5 dxe5 12. Qxg5 Bh5 13. Qxe5 Qd6 14. Qe6 Qxe6 15. Bxe6 Bg4 16. Bxg4 Nxg4 17. h3 0-0-0 18. 0-0 Ne5 19. Bg5 Rd7 20. Rad1 Rxd1 21. Rxd1 Nf7 22. Bf4 e5 23. Bg3 Bc5+ 24. Bf2 Bxf2+ 25. Kxf2 c6 26. Kg3 Kc7 27. Rf1 Nd6 28. Rf6 Rg8 29. Re6 b5 30. Re7+ Kb6 31. Rxe5 Nc4 32. Re7 Nxb2 33. Ne2 Nc4 34. Nd4 Rd8 35. c3 b4 36. Re6 Rd6 37. Rxd6 Nxd6 38. cxb4 Nxe4+ 39. Kf4 Nc3 40. a3 Nb1 41. Nc2 a5 42. bxa5+ Kxa5 43. g4 c5 44. Kg5 Ka4 45. Kxg6 Nxa3 46. Ne3 Kb3 47. Kf6 Nc2 48. Nd1 Nd4 49. g5 Kc2 50. Nf2 c4 51. g6 Kb2 52. Ne4 1-0